Elevado desempleo juvenil crea incertidumbre entre los jóvenes

Shranjeno v:
Bibliografske podrobnosti
Format: Texto
Teme:
Oznake: Označite
Brez oznak, prvi označite!

MARC

LEADER 00000 a a2200000 04500
001 10266
003
040
245 |a Elevado desempleo juvenil crea incertidumbre entre los jóvenes  
650 |a DESEMPLEO JUVENIL  
650 |a POBREZA  
650 |a AMERICA LATINA  
773 |g número 41; páginas 4-6  
999 |c 20403  |d 20403